Statistiques concernant Principales villes d'Asie

Cliquez ici pour prendre le quiz!

Statistiques générales

  • Ce quiz a été pris 108 fois
  • Le résultat moyen est 21 sur 25

Statistiques - réponses

PaysVille% Correct
TurquieIstanbul
99%
ChinePekin
97%
Corée du SudSeoul
97%
JaponTokyo
97%
TurquieAnkara
96%
IndeNew Delhi
93%
IndonesieJakarta
92%
IranTeheran
92%
ThailandeBangkok
90%
Émirats arabes unisDubai
90%
ChineShanghai
90%
Corée du NordPyongyang
89%
LibanBeyrouth
88%
IndeBombay
86%
PhilippinesManille
86%
MongolieOulan-Bator
85%
BangladeshDacca
82%
MalaisieKuala Lumpur
77%
IndeCalcutta
76%
VietnamHo Chi Minh Ville
70%
KazakhstanNour-Soultan
67%
ChineHong Kong
65%
OuzbékistanTachkent
55%
PakistanKarachi
54%
Coree du SudPusan
38%

Distribution des résultats

Percentile par nombre de réponses

% des personnes avec chaque résultat

Votre développement - résultats

Vous n’avez pas pris ce quiz